THE MONK WHO SOLD HIS FERRARI (Record no. 189107)

MARC details
000 -LEADER
fixed length control field 00371nam a2200145Ia 4500
008 - FIXED-LENGTH DATA ELEMENTS--GENERAL INFORMATION
fixed length control field 090124s9999 xx 000 0 und d
082 ## - DEWEY DECIMAL CLASSIFICATION NUMBER
Item number 207079
245 ## - TITLE STATEMENT
Title THE MONK WHO SOLD HIS FERRARI
250 ## - EDITION STATEMENT
Edition statement 1
260 ## - PUBLICATION, DISTRIBUTION, ETC. (IMPRINT)
Name of publisher, distributor, etc SHARMA ROBIN S.
Date of publication, distribution, etc 2005
300 ## - PHYSICAL DESCRIPTION
Extent 198
630 ## - SUBJECT ADDED ENTRY--UNIFORM TITLE
Uniform title THE MONK WHO SOLD HIS FERRARI
730 ## - ADDED ENTRY--UNIFORM TITLE
Uniform title THE MONK WHO SOLD HIS FERRARI
942 ## - ADDED ENTRY ELEMENTS (KOHA)
Koha item type Book
Holdings
Withdrawn status Lost status Damaged status Not for loan Home library Current library Date acquired Cost, normal purchase price Total Checkouts Full call number Barcode Date last seen Cost, replacement price Price effective from Koha item type
        Marathi Granth Sangrahalaya,Thane Marathi Granth Sangrahalaya,Thane   175.00   207079 THNMGS-207079 01/24/2009 175.00 01/24/2009 Book